Environment matters: Annual review
Guardat en:
| Autor corporatiu: | |
|---|---|
| Format: | Llibre |
| Idioma: | Undetermined |
| Publicat: |
Washington
The World Bank Group
2004
|
| Matèries: | |
| Etiquetes: |
Afegir etiqueta
Sense etiquetes, Sigues el primer a etiquetar aquest registre!
|
| Thư viện lưu trữ: | Trung tâm Học liệu Trường Đại học Cần Thơ |
|---|
| LEADER | 00500nam a2200193Ia 4500 | ||
|---|---|---|---|
| 001 | CTU_92199 | ||
| 008 | 210402s9999 xx 000 0 und d | ||
| 082 | |a 363 | ||
| 082 | |b W927 | ||
| 110 | |a World Bank | ||
| 245 | 0 | |a Environment matters: | |
| 245 | 0 | |b Annual review | |
| 245 | 0 | |c World Bank | |
| 260 | |a Washington | ||
| 260 | |b The World Bank Group | ||
| 260 | |c 2004 | ||
| 650 | |a environmental engineering | ||
| 904 | |i H.Nguyên | ||
| 980 | |a Trung tâm Học liệu Trường Đại học Cần Thơ | ||